Recitaciones escolares : trozos escogidos

Gespeichert in:
Bibliographische Detailangaben
1. Verfasser: Solana, Ezequiel
Format: Buch
Sprache:Spanisch
Erschienen: Madrid : Escuela Española, Hijos de Ezequiel Solana, 1924
Ausgabe:8ª ed.
Katalog:MANES:  Suchergebnis im Bibliothekskatalog
Schulbuchspezifische Eigenschaften:
Schlagworte:
Tags: Tag hinzufügen
Keine Tags, Fügen Sie den ersten Tag hinzu!
Hinzugefügt zu:09.02.2019
Geändert in:07.05.2025

MARC

LEADER 00000cam a2200000 4500
005 20250507134346.0
008 190210S1924 0espa 0000 00spa0d
040 |a uned  |b spa  |c entro-manes 
041 0 |a spa 
100 1 |a Solana, Ezequiel  |9 14266 
245 1 0 |a Recitaciones escolares :  |b trozos escogidos  |c por Ezequiel Solana 
250 |a 8ª ed. 
260 |a Madrid :  |b Escuela Española, Hijos de Ezequiel Solana,  |c 1924 
300 |a 219 p. :  |b il. 
546 |a EspañaEscritura y Lectura 
561 |5 es-BUNED  |3 L.T. 1496  |a España. Fondo Manes UNED  |k MANES 
650 7 |a Selecciones (Textos) 
690 0 |a LEN 
942 |2 ddc  |c BK 
999 |c 92589  |d 92589 
999 |c manes:92589  |d 92589